000 00526nam a2200157 i 4500
020 _a0853347247 :
082 0 0 _a624.176
_bDEV
_cL-20,P-208
245 0 0 _aDevelopments in stress analysis for pressurised components /
_cedited by R. W. Nichols.
260 _aLondon :
_bApplied Science Publishers,
_cc1977.
300 _ax, 210 p. :
_bgraphs ;
_c23 cm.
490 0 _aDevelopments series
526 _a0
_b0
_c0
_d624_176000000000000_DEV
650 0 _aPressure vessels.
_942835
700 1 _aNichols, R. W.
_942836
942 _2ddc
_cBK
999 _c546653
_d546653